Online
Catalog

The age of Napoleon : (Record no. 34520)

MARC details
000 -CABECERA
campo de control de longitud fija 01401nam a2200277 a 4500
001 - NÚMERO DE CONTROL
campo de control 000035029
005 - FECHA Y HORA DE LA ÚLTIMA TRANSACCIÓN
campo de control 20200930074046.0
008 - DATOS DE LONGITUD FIJA--INFORMACIÓN GENERAL
campo de control de longitud fija 111024s1975 xxuac 000 0 eng d
040 ## - FUENTE DE LA CATALOGACIÓN
Centro catalogador/agencia de origen DO-SdBNP
Lengua de catalogación spa
Centro/agencia transcriptor BNPHU
082 ## - NÚMERO DE LA CLASIFICACIÓN DECIMAL DEWEY
Número de clasificación xxx
Número de documento/Ítem D951a
100 1# - ENTRADA PRINCIPAL--NOMBRE DE PERSONA
Nombre de persona Durant, Will
Fechas asociadas al nombre 1885-1981
9 (RLIN) 60655
245 14 - MENCIÓN DE TÍTULO
Título The age of Napoleon :
Resto del título a history of European civilization from 1789 to 1815 /
Mención de responsabilidad, etc. Will Durant, Ariel Durant.
260 ## - PUBLICACIÓN, DISTRIBUCIÓN, ETC.
Lugar de publicación, distribución, etc. New York :
Nombre del editor, distribuidor, etc. Simon and Schuster,
Fecha de publicación, distribución, etc. 1975.
300 ## - DESCRIPCIÓN FÍSICA
Extensión xxi, 872 p. :
Otras características físicas il., retrs. ;
Dimensiones 24 cm.
490 0# - MENCIÓN DE SERIE
Mención de serie The story of civilization ;
Designación de volumen o secuencia 11 :
500 ## - NOTA GENERAL
Nota general Incluye índice
500 ## - NOTA GENERAL
Nota general The history of civilization está compuesta por los siguientes volumenes: vol. 1. Our oriental heritage; vol. 2. The life of Greece; vol. 3. Caesar and Christ; vol. 4. The age of faith; vol. 5. The Renaissance; vol. 6. The Reformation; vol. 7. The age of reason begins; vol. 8. The age of Louis XIV; vol. 9. The age of Voltaire; vol. 10. Rousseau and revolution; vol. 11. The age of Napoleon.
500 ## - NOTA GENERAL
Nota general La biblioteca posee el volumen 11.
504 ## - NOTA DE BIBLIOGRAFÍA, ETC.
Nota de bibliografía, etc. Bibliografía: p. 781-789
590 ## - NOTA LOCAL (RLIN)
Nota local Inventariado, 2019/ YL
600 14 - PUNTO DE ACCESO ADICIONAL DE MATERIA--NOMBRE DE PERSONA
Nombre de persona NAPOLEÓN
Numeración I,
Títulos y otros términos asociados al nombre EMPERADOR DE FRANCIA
Fechas asociadas al nombre 1769-1821
Subdivisión general RELACIONES CON EUROPA
9 (RLIN) 60656
651 #4 - PUNTO DE ACCESO ADICIONAL DE MATERIA--NOMBRE GEOGRÁFICO
Nombre geográfico Europa
Subdivisión general Civilización
9 (RLIN) 21171
651 #4 - PUNTO DE ACCESO ADICIONAL DE MATERIA--NOMBRE GEOGRÁFICO
Nombre geográfico Europa
Subdivisión general Historia
Subdivisión cronológica 1789-1815
9 (RLIN) 7978
700 1# - PUNTO DE ACCESO ADICIONAL--NOMBRE DE PERSONA
Nombre de persona Durant, Ariel
9 (RLIN) 60657
830 #4 - PUNTO DE ACCESO ADICIONAL DE SERIE-TÍTULO UNIFORME
Título uniforme The story of civilization
Número de parte o sección de la obra 11
9 (RLIN) 60658
Holdings
Estado de retiro Estado de pérdida Restricciones de uso No para préstamo Código de colección Localización permanente Ubicación/localización actual Ubicación en estantería Fecha de adquisición Número de inventario Total de préstamos Signatura topográfica completa Código de barras Fecha visto por última vez Precio válido a partir de Tipo de ítem Koha Nota pública
      Excluido de préstamo Monografías: Libros y Folletos General General En catalogación 24.10.2011 LF1   xxx D951a 35029-10 25.06.2020 25.06.2020 No se presta Biblioteca Juan Isidro Jiménes Grullón

Powered by Koha